Mathematical physics : (Record no. 29100)
[ view plain ]
| 000 -LEADER | |
|---|---|
| fixed length control field | 00555 a2200193 4500 |
| 003 - CONTROL NUMBER IDENTIFIER | |
| control field | NUST |
| 005 - DATE AND TIME OF LATEST TRANSACTION | |
| control field | 20180118161122.0 |
| 008 - FIXED-LENGTH DATA ELEMENTS--GENERAL INFORMATION | |
| fixed length control field | 180118b xxu||||| |||| 00| 0 eng d |
| 020 ## - INTERNATIONAL STANDARD BOOK NUMBER | |
| International Standard Book Number | 3527406727 |
| 020 ## - INTERNATIONAL STANDARD BOOK NUMBER | |
| International Standard Book Number | 9783527406722 |
| 082 04 - DEWEY DECIMAL CLASSIFICATION NUMBER | |
| Classification number | 530.15 |
| 100 1# - MAIN ENTRY--PERSONAL NAME | |
| Personal name | Kusse, Bruce R. |
| 9 (RLIN) | 8901 |
| 245 10 - TITLE STATEMENT | |
| Title | Mathematical physics : |
| Remainder of title | applied mathematics for scientists and engineers / |
| Statement of responsibility, etc. | Bruce R. Kusse, Erik A. Westwig. |
| 250 ## - EDITION STATEMENT | |
| Edition statement | 2nd ed. |
| 260 ## - PUBLICATION, DISTRIBUTION, ETC. | |
| Place of publication, distribution, etc. | [S.l.] : |
| Name of publisher, distributor, etc. | Wiley-VCH, |
| Date of publication, distribution, etc. | 2006. |
| 300 ## - PHYSICAL DESCRIPTION | |
| Extent | 689 p. ; |
| Dimensions | 24 cm. |
| 490 1# - SERIES STATEMENT | |
| Series statement | Physics textbook. |
| 700 1# - ADDED ENTRY--PERSONAL NAME | |
| Personal name | Westwig, Erik A. |
| 9 (RLIN) | 8902 |
| 830 #0 - SERIES ADDED ENTRY--UNIFORM TITLE | |
| Uniform title | Physics textbook. |
| 9 (RLIN) | 8756 |
| 942 ## - ADDED ENTRY ELEMENTS (KOHA) | |
| Institution code [OBSOLETE] | SNS |
| Koha item type | Book |
| Call number prefix | 530.15 KUS |
| Source of classification or shelving scheme | |
| Withdrawn status | Lost status | Damaged status | Not for loan | Permanent Location | Current Location | Date acquired | Total Checkouts | Full call number | Barcode | Date last seen | Date last checked out | Price effective from | Koha item type |
|---|---|---|---|---|---|---|---|---|---|---|---|---|---|
| School of Natural Sciences (SNS) | School of Natural Sciences (SNS) | 05/26/2016 | 2 | 530.15 KUS | SNS0000402 | 01/06/2026 | 10/22/2025 | 05/26/2016 | Book | ||||
| School of Natural Sciences (SNS) | School of Natural Sciences (SNS) | 05/26/2016 | 530.15 KUS | SNS0001204 | 05/26/2016 | 05/26/2016 | Book |
